[Event "Leverkusen-ch op"]
[Site "Leverkusen"]
[Date "2010.04.26"]
[Round "7"]
[White "Esser, Michael"]
[Black "Markzitser, Dmitry"]
[Result "1/2-1/2"]
[WhiteElo "2003"]
[BlackElo "2265"]
[PlyCount "83"]
[EventDate "2010.01.18"]
[EventType "swiss"]
[EventRounds "7"]
[EventCountry "GER"]
[SourceTitle "EXT 2011"]
[Source "ChessBase"]
[SourceDate "2010.11.26"]
[SourceVersion "1"]
[SourceVersionDate "2010.11.26"]
[SourceQuality "1"]

1. e4 c5 2. c3 d5 3. exd5 Qxd5 4. d4 Nf6 5. Nf3 Bg4 6. Be2 e6 7. 0-0 Nc6 8. Be3 cxd4 9. cxd4 Be7 10. Nc3 Qd6 11. Qd2 a6 12. a3 0-0 13. Bf4 Qd8 14. Rfd1 Nd5 15. Bg3 Rc8 16. h3 Bh5 17. Ne4 Na5 18. Rac1 Qb6 19. Nc5 Rcd8 20. b4 Nc6 21. Ne5 Nxe5 22. Bxe5 Bxe2 23. Qxe2 Bf6 24. Qf3 h6 25. Bxf6 gxf6 26. Ne4 f5 27. Nc5 Kh7 28. Qg3 Rg8 29. Qe5 Rg6 30. Rd3 Qc6 31. Rg3 Rdg8 32. Kh2 f4 33. Rxg6 Rxg6 34. Qe4 f5 35. Qf3 b6 36. Nd3 Qd6 37. Ne5 Rg7 38. Rc6 Qe7 39. Nc4 Qd7 40. Ne5 Qe7 41. Nc4 Qd7 42. Ne5 1/2-1/2

[Event "Cologne-ch 54th"]
[Site "Cologne"]
[Date "2007.03.25"]
[Round "7"]
[White "Rotstein, Jefim"]
[Black "Markzitser, Dmitry"]
[Result "1/2-1/2"]
[WhiteElo "2380"]
[BlackElo "2230"]
[PlyCount "118"]
[EventDate "2007.02.06"]
[EventType "swiss"]
[EventRounds "7"]
[EventCountry "GER"]
[SourceTitle "EXT 2010"]
[Source "ChessBase"]
[SourceDate "2010.11.25"]
[SourceVersion "1"]
[SourceVersionDate "2010.11.25"]
[SourceQuality "1"]

1. f4 Nf6 2. Nf3 g6 3. d3 d5 4. e3 Bg7 5. Be2 0-0 6. 0-0 c5 7. Qe1 Nc6 8. Qh4 Bg4 9. Nc3 Nb4 10. Bd1 c4 11. a3 Nc6 12. dxc4 dxc4 13. Ne5 Bxd1 14. Rxd1 Qa5 15. Nxc6 bxc6 16. e4 Qc5+ 17. Kh1 Rad8 18. Re1 Qb6 19. e5 Nd5 20. Nxd5 cxd5 21. Qxe7 d4 22. Qb4 Qe6 23. b3 c3 24. a4 Qf5 25. Ra2 g5 26. g3 Rfe8 27. Qc4 Bf8 28. Qe2 g4 29. a5 h5 30. Ra4 d3 31. cxd3 Rxd3 32. Rc4 Red8 33. Be3 Qd7 34. Kg1 Qb7 35. Qc2 Bb4 36. f5 Bxa5 37. e6 Rd2 38. Bxd2 cxd2 39. Rd1 Bb6+ 40. Rc5 Qd5 41. exf7+ Kxf7 42. b4 a5 43. f6 Kf8 44. Qg6 Bxc5+ 45. bxc5 Qxc5+ 46. Kg2 Qc6+ 47. Kg1 Qc5+ 48. Kg2 Qd5+ 49. Kg1 Qf7 50. Qh6+ Kg8 51. Qg5+ Kh8 52. Qxa5 Rd5 53. Qc3 Qa7+ 54. Kg2 Qf7 55. h3 gxh3+ 56. Kh2 Rd8 57. Qf3 Qd5 58. Qe2 Qg2+ 59. Qxg2 hxg2 1/2-1/2

[Event "Bad Woerishofen op 21st"]
[Site "Bad Woerishofen"]
[Date "2005.03.08"]
[Round "6"]
[White "Markzitser, Dmitry"]
[Black "Wang, Yu A"]
[Result "1/2-1/2"]
[WhiteElo "2220"]
[BlackElo "2390"]
[PlyCount "129"]
[EventDate "2005.03.03"]
[EventType "swiss"]
[EventRounds "9"]
[EventCountry "GER"]
[SourceTitle "EXT 2006"]
[Source "ChessBase"]
[SourceDate "2005.11.24"]
[SourceVersion "1"]
[SourceVersionDate "2005.11.24"]
[SourceQuality "1"]

1. d4 d5 2. Nf3 Nc6 3. c4 Bg4 4. cxd5 Bxf3 5. dxc6 Bxc6 6. Nc3 Nf6 7. Bg5 e6 8. f3 Be7 9. Qd2 Qd7 10. e4 Rd8 11. 0-0-0 0-0 12. Kb1 b5 13. Be3 b4 14. Ne2 a5 15. Nc1 Ba4 16. b3 Bb5 17. Bxb5 Qxb5 18. Qd3 Qb7 19. Qc2 a4 20. bxa4 Ra8 21. Nb3 c5 22. dxc5 Rfc8 23. Rc1 Rxa4 24. Qc4 Ne8 25. c6 Qa8 26. Qc2 Ra6 27. Nd4 Bf6 28. Qe2 Bxd4 29. Bxd4 Raxc6 30. Rxc6 Qxc6 31. Bb2 Qb6 32. Qd3 Rd8 33. Qc2 h6 34. Rc1 Qe3 35. Rd1 Rxd1+ 36. Qxd1 Kh7 37. e5 g6 38. Bd4 Qf4 39. g3 Qf5+ 40. Kb2 Nc7 41. Qc2 Qg5 42. f4 Qe7 43. Qc5 Qd7 44. Qd6 Qc8 45. Qe7 Kg7 46. Qxb4 Qa6 47. Qc5 Nd5 48. a3 Qe2+ 49. Qc2 Qb5+ 50. Ka2 Nxf4 51. gxf4 Qd5+ 52. Qb3 Qxd4 53. Qb4 Qf2+ 54. Kb3 Qxh2 55. a4 Qg3+ 56. Kb2 Qf2+ 57. Kb3 Qf3+ 58. Kb2 g5 59. fxg5 hxg5 60. Qd2 Kg6 61. Qc2+ Kg7 62. Qd2 Kg6 63. Qc2+ Kg7 64. Qd2 Kg6 65. Qc2+ 1/2-1/2

[Event "Cologne-ch 48th"]
[Site "Cologne"]
[Date "1999.??.??"]
[Round "7"]
[White "Huelshorst, Ralf"]
[Black "Markzitser, Dmitry"]
[Result "1/2-1/2"]
[WhiteElo "2065"]
[BlackElo "2150"]
[PlyCount "42"]
[EventDate "1999.??.??"]
[EventType "swiss"]
[EventRounds "9"]
[EventCountry "GER"]
[SourceTitle "EXT 2003"]
[Source "ChessBase"]
[SourceDate "2002.11.25"]
[SourceVersion "1"]
[SourceVersionDate "2002.11.25"]
[SourceQuality "1"]

1. e4 c5 2. Nf3 a6 3. c3 d5 4. exd5 Qxd5 5. d4 e6 6. Be2 Nf6 7. 0-0 Be7 8. Nbd2 0-0 9. Nc4 Qd8 10. dxc5 Bxc5 11. Qxd8 Rxd8 12. Be3 Bxe3 13. Nxe3 Nc6 14. Rfd1 Bd7 15. Nc4 Nd5 16. Nfe5 Nxe5 17. Nxe5 Be8 18. Bf3 f6 19. Bxd5 exd5 20. Nf3 Bf7 21. Nd4 g6 1/2-1/2

[Event "Cologne-ch 48th"]
[Site "Cologne"]
[Date "1999.??.??"]
[Round "5"]
[White "Huhndorf, Arnold"]
[Black "Markzitser, Dmitry"]
[Result "0-1"]
[WhiteElo "2070"]
[BlackElo "2150"]
[PlyCount "56"]
[EventDate "1999.??.??"]
[EventType "swiss"]
[EventRounds "9"]
[EventCountry "GER"]
[SourceTitle "EXT 2003"]
[Source "ChessBase"]
[SourceDate "2002.11.25"]
[SourceVersion "1"]
[SourceVersionDate "2002.11.25"]
[SourceQuality "1"]

1. d4 Nf6 2. c4 d6 3. Nc3 Nbd7 4. e4 e5 5. Nf3 c6 6. Be2 Be7 7. 0-0 0-0 8. Qc2 a6 9. Rd1 Qc7 10. b3 Re8 11. Ba3 Bf8 12. Rac1 exd4 13. Rxd4 a5 14. Rcd1 Nc5 15. h3 g6 16. Nh2 Bg7 17. Bf3 Nfd7 18. R4d2 h5 19. g3 h4 20. g4 Bh6 21. Re2 Ne5 22. Bg2 Bf4 23. Bc1 Ne6 24. Nf3 Nxf3+ 25. Bxf3 Qe7 26. Nd5 cxd5 27. exd5 Bxc1 28. dxe6 Bf4 0-1

[Event "Cologne-ch 48th"]
[Site "Cologne"]
[Date "1999.??.??"]
[Round "9"]
[White "Marcks, Martin"]
[Black "Markzitser, Dmitry"]
[Result "1/2-1/2"]
[WhiteElo "2255"]
[BlackElo "2150"]
[PlyCount "23"]
[EventDate "1999.??.??"]
[EventType "swiss"]
[EventRounds "9"]
[EventCountry "GER"]
[SourceTitle "EXT 2003"]
[Source "ChessBase"]
[SourceDate "2002.11.25"]
[SourceVersion "1"]
[SourceVersionDate "2002.11.25"]
[SourceQuality "1"]

1. e4 e5 2. Nf3 Nc6 3. Bc4 Nf6 4. d3 Be7 5. 0-0 0-0 6. Nc3 d6 7. h3 h6 8. a3 Nh7 9. Nd5 Be6 10. Nh2 Bg5 11. Be3 Ne7 12. Bxg5 1/2-1/2

[Event "Cologne-ch 48th"]
[Site "Cologne"]
[Date "1999.??.??"]
[Round "4"]
[White "Markzitser, Dmitry"]
[Black "Boutko, Dimitri"]
[Result "1-0"]
[WhiteElo "2150"]
[BlackElo "2140"]
[PlyCount "79"]
[EventDate "1999.??.??"]
[EventType "swiss"]
[EventRounds "9"]
[EventCountry "GER"]
[SourceTitle "EXT 2003"]
[Source "ChessBase"]
[SourceDate "2002.11.25"]
[SourceVersion "1"]
[SourceVersionDate "2002.11.25"]
[SourceQuality "1"]

1. d4 Nf6 2. Nf3 g6 3. c4 Bg7 4. g3 0-0 5. Bg2 d6 6. 0-0 Nbd7 7. Nc3 e5 8. e4 exd4 9. Nxd4 Re8 10. h3 Nc5 11. Re1 a5 12. Qc2 Nfd7 13. Be3 Ne5 14. b3 Ned3 15. Red1 Nb4 16. Qd2 a4 17. Rab1 axb3 18. axb3 Ne6 19. Ncb5 Nc6 20. Nxc6 bxc6 21. e5 Ra6 22. exd6 cxb5 23. d7 Bxd7 24. Qxd7 Qxd7 25. Rxd7 b4 26. Bd5 Be5 27. f4 Bc3 28. c5 Ra2 29. Bc4 Kf8 30. c6 Ra5 31. Rbd1 Kg8 32. Kf2 Ra2+ 33. Kf3 Ra3 34. g4 Raa8 35. f5 Nd8 36. Rxc7 Be5 37. Rcd7 Rf8 38. c7 Nc6 39. Bd5 Ra6 40. Bc5 1-0

[Event "Cologne-ch 48th"]
[Site "Cologne"]
[Date "1999.??.??"]
[Round "1"]
[White "Morawietz, Dieter"]
[Black "Markzitser, Dmitry"]
[Result "0-1"]
[WhiteElo "2405"]
[BlackElo "2150"]
[PlyCount "74"]
[EventDate "1999.??.??"]
[EventType "swiss"]
[EventRounds "9"]
[EventCountry "GER"]
[SourceTitle "EXT 2003"]
[Source "ChessBase"]
[SourceDate "2002.11.25"]
[SourceVersion "1"]
[SourceVersionDate "2002.11.25"]
[SourceQuality "1"]

1. e4 c5 2. Nf3 a6 3. Be2 Nc6 4. 0-0 e6 5. d4 cxd4 6. Nxd4 Qc7 7. Nc3 Nf6 8. Kh1 Be7 9. f4 d6 10. Be3 0-0 11. a4 Re8 12. Bf3 Rb8 13. g4 Nxd4 14. Bxd4 e5 15. fxe5 dxe5 16. Ba7 Ra8 17. g5 Nd7 18. Be3 Bc5 19. Nd5 Qc6 20. Bh5 g6 21. Qf3 Rf8 22. b4 Bd6 23. Bg4 f5 24. gxf6 Nxf6 25. Nxf6+ Rxf6 26. Qxf6 Bxg4 27. Qf7+ Kh8 28. Bh6 Qxe4+ 29. Kg1 Qd4+ 30. Kg2 e4 31. Rf6 Bf3+ 32. Kh3 Rg8 33. Re1 Qf2 34. Rf4 Qg2+ 35. Kh4 Qxh2+ 36. Kg5 Qh5+ 37. Kf6 Qe5# 0-1